Perusahaan fabrikasi papan litar tercetak.
| Format: | Book |
|---|---|
| Published: |
Kuala Lumpur:
Bank Pembangunan Malaysia Berhad,
1995.
|
| Series: | Siri PP No.1
|
| Subjects: |
| LEADER | 00550cam a2200181 7i4500 | ||
|---|---|---|---|
| 001 | 0000006405 | ||
| 005 | 19991025090000.0 | ||
| 002 | ##000008093 | ||
| 020 | 0 | 0 | |a 967-9909-33-6 |
| 090 | 0 | 0 | |a M 621.3192 |b PER |
| 245 | 0 | 0 | |a Perusahaan fabrikasi papan litar tercetak. |
| 260 | 0 | 0 | |a Kuala Lumpur: |b Bank Pembangunan Malaysia Berhad, |c 1995. |
| 300 | 0 | 0 | |a 37p.. |
| 440 | 0 | 0 | |a Siri PP No.1 |
| 650 | 0 | 0 | |a Printed circuit boards -- |z Malaysia |
| 650 | 0 | 0 | |a Circuit boards -- |z Malaysia |
| 651 | 0 | 0 | |a Malaysia |
| 999 | |a 0000009452 |b Book |c Open shelf |e Business Information Centre | ||


